[Book Review] Deaths after police contact: constructing accountability in the 21st century
| Main Author: | |
|---|---|
| Format: | Electronic Article |
| Language: | English |
| Published: |
2017
|
| In: |
Policing and society
Year: 2017 |
| Online Access: |
Volltext (kostenfrei) Volltext (kostenfrei) |
| Check availability: | HBZ Gateway |
| Keywords: |
MARC
| LEADER | 00000caa a22000002c 4500 | ||
|---|---|---|---|
| 001 | 1866133942 | ||
| 003 | DE-627 | ||
| 005 | 20250115054904.0 | ||
| 007 | cr uuu---uuuuu | ||
| 008 | 231018s2017 xx |||||o 00| ||eng c | ||
| 024 | 7 | |a 10.1080/10439463.2018.1406443 |2 doi | |
| 035 | |a (DE-627)1866133942 | ||
| 035 | |a (DE-599)KXP1866133942 | ||
| 040 | |a DE-627 |b ger |c DE-627 |e rda | ||
| 041 | |a eng | ||
| 084 | |a 2,1 |2 ssgn | ||
| 100 | 1 | |a Mehigan, James |e VerfasserIn |4 aut | |
| 109 | |a Mehigan, James | ||
| 245 | 1 | 0 | |a [Book Review] Deaths after police contact: constructing accountability in the 21st century |
| 264 | 1 | |c 2017 | |
| 336 | |a Text |b txt |2 rdacontent | ||
| 337 | |a Computermedien |b c |2 rdamedia | ||
| 338 | |a Online-Ressource |b cr |2 rdacarrier | ||
| 650 | 4 | |a Research | |
| 773 | 0 | 8 | |i Enthalten in |t Policing and society |d Getzville, NY : HeinOnline, 1990 |g (2017) |h Online-Ressource |w (DE-627)341899089 |w (DE-600)2069649-8 |w (DE-576)272349933 |x 1477-2728 |7 nnas |
| 773 | 1 | 8 | |g year:2017 |
| 856 | 4 | 0 | |u https://core.ac.uk/download/151170771.pdf |x Verlag |z kostenfrei |3 Volltext |7 0 |
| 856 | 4 | 0 | |u https://doi.org/10.1080/10439463.2018.1406443 |x Resolving-System |z kostenfrei |3 Volltext |7 0 |
| 935 | |a mkri | ||
| 951 | |a AR | ||
| ELC | |a 1 | ||
| LOK | |0 000 xxxxxcx a22 zn 4500 | ||
| LOK | |0 001 4391814706 | ||
| LOK | |0 003 DE-627 | ||
| LOK | |0 004 1866133942 | ||
| LOK | |0 005 20231018043650 | ||
| LOK | |0 008 231018||||||||||||||||ger||||||| | ||
| LOK | |0 035 |a (DE-2619)CORE8057617 | ||
| LOK | |0 040 |a DE-2619 |c DE-627 |d DE-2619 | ||
| LOK | |0 092 |o n | ||
| LOK | |0 852 |a DE-2619 | ||
| LOK | |0 852 1 |9 00 | ||
| LOK | |0 935 |a core | ||
| LOK | |0 939 |a 18-10-23 |b l01 | ||
| OAS | |a 1 | ||
| ORI | |a SA-MARC-krimdoka001.raw | ||
